Stranger Things Quotes - Statistics

General Stats
  • This quiz has been taken 660 times
  • The average score is 9 of 18
Answer Stats
Who Said It Quote % Correct
Eleven Friends don't {lie}.
99%
Erica Sinclair You can't spell {America} without Erica.
85%
Eleven {Mouth}breather!
80%
Joyce Byers God help me, I will keep these {lights} up until the day I die!
79%
Eleven The {gate}... I opened it. I’m the monster.
79%
Steve Harrington I may be a pretty s---ty boyfriend, but turns out I'm actually a pretty damn good {babysitter}.
75%
Eddie Munson I didn’t {run} {away} this time, right?
70%
Mike Wheeler If anyone asks where I am, I’ve left the {country}.
68%
Jim Hopper Mornings are for coffee and {contemplation}.
49%
Max Mayfield There’s more to life than {stupid} {boys}.
46%
Mike Wheeler Has it ever occurred to you that we don't want to be {popular}?
37%
Vecna It's time... for your {suffering} to end.
36%
Jonathan Byers You shouldn't like things because people tell you you're {supposed} {to}.
30%
Dustin Henderson Why are you keeping this {curiosity} door locked?
23%
Jonathan Byers I don’t like most people. He’s in the {vast} {majority}.
22%
Scott Clarke Science is neat, but I’m afraid it’s not very {forgiving}.
22%
Murray Bauman My fingers are like arrows. My arms, like iron. My feet, like {spears}.
21%
Eddie Munson It’s very {metal} what you did. That’s all I’m saying.
16%
No matching quizzes found
Score Distribution
Percent of People with Each Score
Percentile by Number Answered
Your Score History
You have not taken this quiz